000
00331nam a22001457a 4500
008
210603b ||||| |||| 00| 0 eng d
020
_a
031404230X
041
_a
eng
080
_a
330.101.541
082
_a
330.101.541
100
_a
52
101
_a
MAK
245
_a
Principles of Macroeconomics
_c
Brown,W.S
942
_2
udc
_c
BK
999
_c
57936
_d
57936